000 00697nam a2200229 a 4500
001 83017
003 BD-RjUL
005 20240208125255.0
008 240208s1842 enk||||| |||| 00| 0 eng d
035 _a(BD-RjUL)83017
040 _aBD-RjUL
_beng
_cBD-RjUL
041 _aeng
082 _223
_a843.3
_bBAA 1842
100 _aBalzac, Honoré de
_911575
245 _aAt the sign of the cat and racket, and other stories /
_cHonoré de Balzac,
260 _aLondon ;
_aNew York :
_bDent & co.,
_c1842
300 _axii, 277 pages ;
_c18 cm.
490 _aEveryman's library. Fiction
650 _aShort stories, French
_911576
830 _aEveryman's library. Fiction
_92269
942 _2ddc
_cBK
999 _c83017
_d83017